LEADER 01404nam0-2200421li-450 001 990000247800203316 005 20180312154727.0 035 $a0024780 035 $aUSA010024780 035 $a(ALEPH)000024780USA01 035 $a0024780 100 $a2001990031969-------y0itay0103----ba 101 0 $aeng 102 $aGB 200 1 $a<> course of modern analysis$ean introduction to the general theory of infinite processes and of analityc functions with an account ofthe principal trascendental functions$fE. T. Whittaker and G.N. Watson 205 $a4th ed 210 $aCambridge$cUniversity Press$d1969 215 $a608 p.$cill.$d23 cm. 610 1 $aanalisi funzionale 610 1 $afunzioni trascendentali 676 $a5157$9Analisi funzionale 700 1$aWhittaker,$bE. T.$0123012 701 1 $aWatson,$bG. N.$0747049 801 $aSistema bibliotecario di Ateneo dell' Università di Salerno$gRICA 912 $a990000247800203316 951 $a515.7 WHI$b0006942 951 $a515.7 WHI (A)$b5920 Ing$c515.7 959 $aBK 969 $aSCI 969 $aTEC 979 $c19900314 979 $c20001110$lUSA01$h1715 979 $c20020403$lUSA01$h1633 979 $aSIAV6$b10$c20031015$lUSA01$h1354 979 $aSIAV6$b10$c20031015$lUSA01$h1356 979 $aPATRY$b90$c20040406$lUSA01$h1618 996 $aCourse of modern analysis$91491895 997 $aUNISA LEADER 01590oam 2200457I 450 001 9910712817703321 005 20200210121958.0 035 $a(CKB)5470000002498009 035 $a(OCoLC)1137375982 035 $a(EXLCZ)995470000002498009 100 $a20200107j201908 ua 0 101 0 $aeng 135 $aurbn||||||||| 181 $ctxt$2rdacontent 182 $cc$2rdamedia 183 $acr$2rdacarrier 200 00$aAERMOD implementation guide 210 1$aResearch Triangle Park, NC :$cU.S. Environmental Protection Agency, Office of Air Quality Planning and Standards, Air Quality Assessment Division, AERMOD Implementation Workgroup,$d2019. 215 $a1 online resource (v, 31 pages) 300 $aRevising EPA-454/B-18-003. 300 $aEPA project officer: Chris Owen. 300 $a"August 2019." 300 $a"EPA-454/B-19-035." 320 $aIncludes bibliographical references (pages 27-29). 606 $aAir$xPollution$xMeteorological aspects 606 $aAir$xPollution$xResearch$zUnited States 606 $aAir$xPollution$xMeasurement 606 $aMathematical models$vHandbooks, manuals, etc 608 $aHandbooks and manuals.$2lcgft 615 0$aAir$xPollution$xMeteorological aspects. 615 0$aAir$xPollution$xResearch 615 0$aAir$xPollution$xMeasurement. 615 0$aMathematical models 712 02$aAERMOD Implementation Workgroup, 801 0$bEKB 801 1$bEKB 801 2$bGPO 906 $aBOOK 912 $a9910712817703321 996 $aAERMOD implementation guide$93281207 997 $aUNINA